[Event "London Classic Open 2016"]
[Site "London ENG"]
[Date "2016.12.10"]
[Round "3.12"]
[White "Shabalov, Alexander"]
[Black "Soumya, Swaminathan"]
[Result "1-0"]
[WhiteTitle "GM"]
[BlackTitle "WGM"]
[WhiteElo "2563"]
[BlackElo "2384"]
[WhiteFideId "2008572"]
[BlackFideId "5016193"]
[EventDate "2016.12.09"]

1. e4 c5 2. Nf3 d6 3. d4 cxd4 4. Nxd4 Nf6 5. Nc3 Nc6 6. Bg5 e6 7. Qd2 a6 8.
O-O-O Bd7 9. f3 Be7 10. Kb1 Rc8 11. h4 h6 12. Be3 h5 13. Nxc6 Bxc6 14. Bg5 b5
15. Ne2 Bb7 16. Nd4 Nd7 17. Bd3 Qb6 18. Ne2 Qc5 19. Rc1 Bxg5 20. hxg5 Ne5 21. f4
Ng4 22. Nd4 g6 23. Rce1 Kd8 24. Nb3 Qb6 25. Rhf1 Kc7 26. Qb4 Rhd8 27. Rf3 Kb8
28. a4 d5 29. axb5 dxe4 30. Bxe4 Qxb5 31. Qa3 Bxe4 32. Rxe4 Ka7 33. Rb4 Rd1+ 34.
Ka2 Qd5 35. Qa4 Rxc2 1-0

[Event "London Classic Open 2016"]
[Site "London ENG"]
[Date "2016.12.10"]
[Round "3.13"]
[White "Pert, Richard G"]
[Black "Sadzikowski, Daniel"]
[Result "1/2-1/2"]
[WhiteTitle "IM"]
[BlackTitle "IM"]
[WhiteElo "2423"]
[BlackElo "2547"]
[WhiteFideId "404748"]
[BlackFideId "1132253"]
[EventDate "2016.12.09"]

1. d4 Nf6 2. Bg5 e6 3. e4 h6 4. Bxf6 Qxf6 5. c3 d5 6. Nd2 c5 7. Ngf3 cxd4 8.
Nxd4 Bc5 9. N2b3 Bb6 10. exd5 O-O 11. Be2 exd5 12. O-O Nc6 13. a4 a5 14. Nb5 Bf5
15. N3d4 Be4 16. Qd2 Rfe8 17. Rfe1 Rac8 18. Rad1 Ne5 19. f3 Bg6 20. b3 Re7 21.
Kh1 Rce8 22. Bf1 h5 23. Re2 h4 24. h3 Nc6 25. Rde1 Re5 26. Rxe5 Rxe5 27. Rxe5
Qxe5 28. Bd3 Bxd3 29. Qxd3 Qe1+ 30. Kh2 g6 31. f4 Bc5 32. Qf3 Qe4 33. Qg4 Bxd4
34. cxd4 Nxd4 35. Nxd4 Qxd4 36. Qxh4 Kg7 37. Qg5 f6 38. Qg4 f5 39. Qf3 Kf6 40.
h4 Qe4 41. Qg3 d4 42. Qg5+ Kf7 43. h5 gxh5 44. Qxh5+ Ke7 45. Qg5+ Kd7 46. Qg7+
Kc6 47. Qf6+ Kc7 48. Qg7+ Kb6 49. Qf6+ Ka7 50. Qd6 d3 51. Kh3 Qe3+ 52. Kh4 d2
53. Kg5 Qc3 54. Qd7 Qb4 55. Qd8 Ka6 56. Qd3+ Kb6 57. Kxf5 Kc7 58. Ke6 Qb6+ 59.
Ke7 Qc5+ 60. Ke6 Qc1 61. Qd6+ Kc8 62. Qf8+ 1/2-1/2

[Event "London Classic Open 2016"]
[Site "London ENG"]
[Date "2016.12.10"]
[Round "3.14"]
[White "Schroeder, Jan-Christian"]
[Black "Gurevich, Artjom"]
[Result "1-0"]
[WhiteTitle "GM"]
[WhiteElo "2541"]
[BlackElo "2207"]
[WhiteFideId "24662259"]
[BlackFideId "2603870"]
[EventDate "2016.12.09"]

1. e4 d5 2. exd5 Nf6 3. Nf3 Nxd5 4. d4 Bg4 5. h3 Bh5 6. c4 Nb6 7. Nc3 e6 8. Be3
Be7 9. g4 Bg6 10. h4 f6 11. h5 Bf7 12. Bd3 Nc6 13. Qe2 Qd7 14. O-O-O O-O-O 15.
Rhe1 Nb4 16. Bb1 g6 17. a3 Na6 18. hxg6 Bxg6 19. d5 e5 20. Nh4 Bxb1 21. Kxb1 h5
22. gxh5 Bc5 23. Ka2 Na4 24. Ne4 Be7 25. Qf3 Nxb2 26. Kxb2 Qa4 27. d6 Bxd6 28.
Nxd6+ Rxd6 29. Rxd6 cxd6 30. Qxf6 Rd8 31. Qf5+ Kb8 32. Qc2 Qa5 33. Rd1 d5 34.
Rxd5 Rxd5 35. cxd5 Qxd5 36. Nf5 Qb5+ 37. Ka2 Qd5+ 38. Qb3 Qh1 39. Qg8+ Kc7 40.
Qf7+ Kc6 41. Qe6+ Kb5 42. Qxe5+ Ka4 43. Qd4+ 1-0

[Event "London Classic Open 2016"]
[Site "London ENG"]
[Date "2016.12.10"]
[Round "3.15"]
[White "Grafl, Florian"]
[Black "Ehlvest, Jaan"]
[Result "0-1"]
[WhiteTitle "IM"]
[BlackTitle "GM"]
[WhiteElo "2394"]
[BlackElo "2532"]
[WhiteFideId "4645715"]
[BlackFideId "4500016"]
[EventDate "2016.12.09"]

1. b4 Nf6 2. Bb2 g6 3. e3 Bg7 4. f4 d6 5. Nf3 O-O 6. Qc1 Nbd7 7. c4 e5 8. fxe5
dxe5 9. Nxe5 Nxe5 10. Bxe5 Re8 11. Bb2 Ne4 12. g3 Bxb2 13. Qxb2 Bg4 14. Rg1 Qg5
15. Nc3 Nxd2 16. Kxd2 Qxe3+ 17. Kc2 Qxg1 18. Nd5 Qxh2+ 19. Kb3 Qxg3+ 20. Ka4 Re6
21. Nf6+ Rxf6 0-1

[Event "London Classic Open 2016"]
[Site "London ENG"]
[Date "2016.12.10"]
[Round "3.16"]
[White "Karthikeyan, Murali"]
[Black "Zoltek, Tadeusz"]
[Result "1-0"]
[WhiteTitle "GM"]
[BlackTitle "FM"]
[WhiteElo "2530"]
[BlackElo "2140"]
[WhiteFideId "5074452"]
[BlackFideId "1101048"]
[EventDate "2016.12.09"]

1. e4 e6 2. d3 d5 3. Nd2 Nf6 4. Ngf3 c5 5. g3 Nc6 6. Bg2 Be7 7. O-O O-O 8. Re1
b6 9. e5 Nd7 10. Nf1 Bb7 11. h4 Re8 12. Bf4 Nf8 13. c3 Rc8 14. N1h2 b5 15. Ng4
d4 16. Qd2 dxc3 17. bxc3 b4 18. Rab1 bxc3 19. Qxc3 Nb4 20. Red1 Nxa2 21. Qd2
Bxf3 22. Bxf3 Nb4 23. h5 a5 24. h6 g6 25. Rbc1 a4 26. Ra1 Rc7 27. Rxa4 Nd5 28.
Bxd5 exd5 29. e6 Nxe6 30. Bxc7 Qxc7 31. Qa2 Qd8 32. Ra7 Nd4 33. Ra1 Qd6 34. Ra8
Bd8 35. Qxd5 1-0

[Event "London Classic Open 2016"]
[Site "London ENG"]
[Date "2016.12.10"]
[Round "3.17"]
[White "Zapolskis, Antanas"]
[Black "Handke, Florian"]
[Result "0-1"]
[WhiteTitle "IM"]
[BlackTitle "GM"]
[WhiteElo "2294"]
[BlackElo "2515"]
[WhiteFideId "12800210"]
[BlackFideId "4634527"]
[EventDate "2016.12.09"]

1. e4 c5 2. Nf3 Nc6 3. Bb5 Nf6 4. e5 Nd5 5. O-O Nc7 6. Bxc6 dxc6 7. h3 Bf5 8. d3
e6 9. Qe2 Be7 10. Rd1 Nb5 11. c3 O-O 12. a4 Nc7 13. d4 cxd4 14. Nxd4 Qe8 15. Na3
Bg6 16. Nc4 c5 17. Nd6 Bxd6 18. exd6 cxd4 19. dxc7 d3 20. Qf3 Qc8 21. Bf4 Re8
22. Qg3 Qd7 23. h4 f6 24. h5 Bf5 25. Bd6 Rac8 26. c4 e5 27. c5 h6 28. b4 Kh8 29.
Ra3 e4 30. b5 Bg4 31. Rd2 Bxh5 32. Rc3 Qf7 33. a5 Qd5 34. Bf4 Qd4 35. Rc1 Qb4
36. b6 Qxa5 37. Qe3 axb6 38. cxb6 Kh7 39. Qd4 Qf5 40. Qe3 Qe6 41. Qd4 Ra8 42.
Be3 Bf7 43. Rb2 h5 44. Rb5 h4 45. Kh2 Qg4 46. Rcc5 Bg6 47. Rd5 h3 48. gxh3 Qf3
49. h4 Qg4 50. h5 Bf7 51. Rf5 Qh4+ 52. Kg1 Qg4+ 53. Kh2 Be6 54. Rf4 Qh3+ 55. Kg1
Bg4 56. Rxf6 gxf6 57. Qxf6 Ra1+ 0-1

[Event "London Classic Open 2016"]
[Site "London ENG"]
[Date "2016.12.10"]
[Round "3.18"]
[White "Britton, Richard L"]
[Black "Iturrizaga Bonelli, Eduardo"]
[Result "0-1"]
[WhiteTitle "FM"]
[BlackTitle "GM"]
[WhiteElo "2139"]
[BlackElo "2652"]
[WhiteFideId "401692"]
[BlackFideId "3901211"]
[EventDate "2016.12.09"]

1. e4 c5 2. Nf3 g6 3. c4 Nc6 4. d4 cxd4 5. Nxd4 Nf6 6. Nc3 d6 7. Be2 Nxd4 8.
Qxd4 Bg7 9. Bg5 Be6 10. O-O O-O 11. Qe3 a5 12. f4 a4 13. f5 Bd7 14. Rad1 Ra5 15.
Bh6 Bc6 16. Kh1 Bxh6 17. Qxh6 Re5 18. Rf3 Kh8 19. Rh3 Rg8 20. Bf3 gxf5 21. exf5
Rxf5 22. Bxc6 bxc6 23. Ne4 Rg6 24. Qh4 Rg4 0-1

[Event "London Classic Open 2016"]
[Site "London ENG"]
[Date "2016.12.10"]
[Round "3.19"]
[White "Ronka, Erik"]
[Black "Bok, Benjamin"]
[Result "0-1"]
[BlackTitle "GM"]
[WhiteElo "2262"]
[BlackElo "2598"]
[WhiteFideId "505080"]
[BlackFideId "1017063"]
[EventDate "2016.12.09"]

1. d4 d5 2. c4 e6 3. Nc3 c6 4. Nf3 Nf6 5. Bg5 h6 6. Bh4 dxc4 7. e4 g5 8. Bg3 b5
9. Be2 Bb7 10. e5 Nd5 11. Nd2 Qb6 12. Nde4 Nd7 13. a4 O-O-O 14. O-O a6 15. Bf3
Nf4 16. Nd6+ Bxd6 17. exd6 Nf6 18. Ne2 N6h5 19. b3 cxb3 20. Nxf4 Nxf4 21. Qxb3
Rxd6 22. axb5 axb5 23. Bxf4 gxf4 24. Bh5 Rf8 25. Qb4 Qxd4 26. Qa3 Kc7 27. Rac1
Ra8 28. Qh3 Qf6 29. Be2 Kb6 30. Qb3 Rd2 31. Bf3 Qb2 32. Qxb2 Rxb2 33. Rfd1 Kc7
34. Rc5 Rd8 35. Rdc1 Rd6 36. Rh5 Kb6 37. Rxh6 c5 38. Bxb7 Kxb7 39. Rf6 c4 40. h4
Rbd2 41. Kf1 Rd1+ 42. Rxd1 Rxd1+ 43. Ke2 Rd7 44. Rxf4 Kb6 45. h5 c3 46. Rf3 b4
47. Rd3 c2 0-1

[Event "London Classic Open 2016"]
[Site "London ENG"]
[Date "2016.12.10"]
[Round "3.20"]
[White "Cornette, Matthieu"]
[Black "Taylor, Adam C"]
[Result "1-0"]
[WhiteTitle "GM"]
[BlackTitle "FM"]
[WhiteElo "2597"]
[BlackElo "2212"]
[WhiteFideId "620084"]
[BlackFideId "424668"]
[EventDate "2016.12.09"]

1. c4 c5 2. g3 Nc6 3. Bg2 g6 4. Nc3 Bg7 5. Nf3 Nh6 6. h4 d6 7. d3 Bg4 8. h5 Qd7
9. Ng5 Nd4 10. f3 Be6 11. e3 Nc6 12. e4 Nd4 13. Be3 f5 14. Qd2 Nf7 15. Nxe6 Qxe6
16. Nd5 Qd7 17. h6 Bf6 18. Nxf6+ exf6 19. Bxd4 cxd4 20. Qf2 Qc7 21. O-O-O Qc5
22. exf5 g5 23. Rde1+ Kd7 24. f4 gxf4 25. gxf4 Rae8 26. Bd5 Rxe1+ 27. Rxe1 Nxh6
28. Qe2 Qa5 1-0

[Event "London Classic Open 2016"]
[Site "London ENG"]
[Date "2016.12.10"]
[Round "3.21"]
[White "Merriman, John"]
[Black "Blomqvist, Erik"]
[Result "0-1"]
[BlackTitle "GM"]
[WhiteElo "2243"]
[BlackElo "2567"]
[WhiteFideId "402362"]
[BlackFideId "1709437"]
[EventDate "2016.12.09"]

1. d4 d5 2. c4 c6 3. Nc3 Nf6 4. e3 e6 5. Nf3 Nbd7 6. Qc2 Bd6 7. Bd2 O-O 8. O-O-O
Qe7 9. e4 Nxe4 10. Nxe4 dxe4 11. Qxe4 f5 12. Qc2 c5 13. Bg5 Qe8 14. dxc5 Bxc5
15. Bd3 Qg6 16. h4 e5 17. h5 Qf7 18. Be2 h6 19. Be3 e4 20. Nh4 f4 21. Bxc5 Nxc5
22. f3 Nd3+ 23. Rxd3 exd3 24. Bxd3 g5 25. hxg6 Qf6 26. g7 Kxg7 27. Qe2 Qd4 28.
Rd1 Qe3+ 29. Qxe3 fxe3 30. Re1 Bd7 31. Rxe3 Rae8 32. Kd2 Rxe3 33. Kxe3 Kf6 34.
f4 Rg8 35. Kf2 Bc6 36. Nf3 Bxf3 37. Kxf3 a5 38. b3 b6 39. Be4 h5 40. g3 Rg7 41.
a3 Ke6 42. b4 Kd6 43. Kf2 h4 44. gxh4 Rg4 45. h5 Rxf4+ 46. Ke3 Ke5 47. Bd3 Rh4
48. Be2 Rh1 49. c5 bxc5 50. bxa5 Ra1 51. Kd3 Rxa3+ 52. Kc4 Rxa5 53. Bd3 Kd6 54.
h6 Ra4+ 55. Kc3 Rh4 56. h7 Kd5 57. Bf5 c4 58. Bc2 Kc5 59. Bf5 Kd5 60. Bc2 Rh3+
61. Kb2 Kd4 62. Bf5 Rh6 63. Bg6 Kc5 64. Kc3 Rh3+ 65. Kb2 Kb4 66. Bf5 Rh2+ 67.
Bc2 c3+ 68. Kc1 Rh1+ 0-1

[Event "London Classic Open 2016"]
[Site "London ENG"]
[Date "2016.12.10"]
[Round "3.22"]
[White "Bukojemski, Adam"]
[Black "Svane, Rasmus"]
[Result "0-1"]
[BlackTitle "GM"]
[WhiteElo "2214"]
[BlackElo "2555"]
[WhiteFideId "1114620"]
[BlackFideId "4657101"]
[EventDate "2016.12.09"]

1. e4 c6 2. Ne2 d5 3. e5 d4 4. c3 c5 5. cxd4 cxd4 6. Nf4 e6 7. Bb5+ Bd7 8. Bxd7+
Nxd7 9. O-O Ne7 10. Nd3 Nc6 11. f4 Be7 12. Qg4 O-O 13. Na3 Rc8 14. Rf3 Nb4 15.
Rg3 g6 16. Nxb4 Bxb4 17. h4 Rc6 18. d3 Bxa3 19. bxa3 Qa5 20. Bb2 Qb6 21. Qe2
Rfc8 22. Qf2 Rc2 23. Bxd4 Rxf2 24. Bxb6 Rxf4 25. Be3 Rxh4 26. d4 Nb6 27. Bf2 Re4
28. Rb3 Re2 29. Kf1 Rcc2 30. Rf3 Nd5 31. Rb1 b6 32. a4 g5 33. Be1 Ne3+ 0-1

[Event "London Classic Open 2016"]
[Site "London ENG"]
[Date "2016.12.10"]
[Round "3.23"]
[White "Libiszewski, Fabien"]
[Black "Moravec, Vit"]
[Result "1-0"]
[WhiteTitle "GM"]
[WhiteElo "2547"]
[BlackElo "2205"]
[WhiteFideId "616834"]
[BlackFideId "331481"]
[EventDate "2016.12.09"]

1. e4 c5 2. Nf3 Nc6 3. Bb5 e6 4. O-O Nge7 5. d4 cxd4 6. Nxd4 Qb6 7. Nxc6 Nxc6 8.
Nc3 a6 9. Bd3 d6 10. b3 Bd7 11. Bb2 Ne5 12. Be2 Be7 13. Kh1 g5 14. a4 h5 15. a5
Qc7 16. Na4 Bc6 17. Nb6 Rd8 18. f3 Rh6 19. Re1 h4 20. Bf1 Kf8 21. c4 Nd7 22. Nd5
exd5 23. exd5 Bf6 24. Bxf6 Rxf6 25. dxc6 Qxc6 26. Qd2 Qc5 27. b4 Qf5 28. Bd3 Qf4
29. Qxf4 gxf4 30. Be4 Rb8 31. Bd5 Rf5 32. Be4 Re5 33. Rad1 Ke7 34. Bf5 Rxe1+ 35.
Rxe1+ Ne5 36. Re4 Kf6 37. Rxf4 Kg5 38. g3 hxg3 39. hxg3 Ng6 40. Bxg6 Kxg6 41.
Rd4 Rd8 42. Rd5 Kf6 43. c5 Rh8+ 44. Kg2 dxc5 45. Rxc5 Ke6 46. Rc7 Rb8 47. g4 f6
48. Kg3 Kd6 49. Rf7 Ke6 50. Rh7 Ke5 51. f4+ Kd5 52. g5 fxg5 53. fxg5 Ke6 54. Kf4
Rf8+ 55. Kg4 Rb8 56. Kh5 Kf5 57. g6 b6 58. g7 Rd8 59. Rh8 1-0

[Event "London Classic Open 2016"]
[Site "London ENG"]
[Date "2016.12.10"]
[Round "3.25"]
[White "Semprun Martinez, Fernando"]
[Black "Bartholomew, John"]
[Result "0-1"]
[BlackTitle "IM"]
[WhiteElo "2193"]
[BlackElo "2448"]
[WhiteFideId "2203170"]
[BlackFideId "2019353"]
[EventDate "2016.12.09"]

1. e4 c5 2. Nf3 e6 3. d4 cxd4 4. Nxd4 a6 5. Bd3 Nf6 6. O-O Qc7 7. Nc3 d6 8. f4
Nbd7 9. Kh1 Be7 10. Bd2 b5 11. b4 Bb7 12. a4 bxa4 13. Rxa4 Nb6 14. Ra1 Nc4 15.
Rb1 O-O 16. Bc1 d5 17. Qe2 Nd6 18. Nxd5 exd5 19. e5 Nde4 20. exf6 Bxf6 21. Bxe4
dxe4 22. Nb3 Bd5 23. Nc5 a5 24. Be3 axb4 25. Rxb4 Be7 26. Rb5 Rfc8 27. c4 Bc6
28. Rbb1 Ra3 29. Nb3 Bd7 30. Rfc1 Ba4 31. Nd2 Bf8 32. c5 Bc6 33. Nc4 Rd3 34. Ne5
Ra3 35. Nxc6 Qxc6 36. Rb6 Qd5 37. Rd1 Rxe3 0-1

[Event "London Classic Open 2016"]
[Site "London ENG"]
[Date "2016.12.10"]
[Round "3.26"]
[White "Ilfeld, Etan"]
[Black "Arkell, Keith C"]
[Result "0-1"]
[BlackTitle "GM"]
[WhiteElo "2181"]
[BlackElo "2447"]
[WhiteFideId "2803470"]
[BlackFideId "400270"]
[EventDate "2016.12.09"]

1. e4 c6 2. d4 d5 3. Nd2 dxe4 4. Nxe4 Nd7 5. Nf3 Ngf6 6. Nxf6+ Nxf6 7. Ne5 Be6
8. Be2 g6 9. O-O Bg7 10. c3 O-O 11. Bf3 Bd5 12. Re1 Bxf3 13. Qxf3 Qd5 14. Bg5
Qxf3 15. Nxf3 e6 16. Bf4 Rfd8 17. Be5 Rd7 18. Kf1 Rad8 19. Re2 h6 20. Rae1 Rd5
21. h4 b6 22. Rc2 Ne8 23. Bxg7 Kxg7 24. Re5 Nf6 25. Rxd5 cxd5 26. Ke2 b5 27. a3
Rc8 28. Ne5 a5 29. Nd3 Ne4 30. Rc1 a4 31. f3 Nd6 32. Re1 Nf5 33. h5 Ng3+ 34. Kd2
Nxh5 35. b3 Ra8 36. Rb1 Nf6 37. Nc5 axb3 38. Rxb3 Ne8 39. Rxb5 Nd6 40. Rb3 Rxa3 0-1

[Event "London Classic Open 2016"]
[Site "London ENG"]
[Date "2016.12.10"]
[Round "3.27"]
[White "Williams, Simon K"]
[Black "Smith, Andrew Philip"]
[Result "1-0"]
[WhiteTitle "GM"]
[BlackTitle "FM"]
[WhiteElo "2443"]
[BlackElo "2136"]
[WhiteFideId "404454"]
[BlackFideId "2500833"]
[EventDate "2016.12.09"]

1. d4 d6 2. e4 Nd7 3. Nf3 e5 4. Bc4 Qf6 5. O-O h6 6. a4 Be7 7. a5 a6 8. b4 Bd8
9. Bb2 Ne7 10. dxe5 dxe5 11. Ne1 Qc6 12. Nd2 O-O 13. Nd3 Ng6 14. Bd5 Qd6 15. Bb3
Bg5 16. Nc4 Qe7 17. g3 Re8 18. Qf3 Qf6 19. Qg2 Qc6 20. h4 Bf6 21. h5 Ngf8 22.
Ne3 Ne6 23. c3 Ng5 24. Bd5 Qd6 25. Nf5 Qf8 26. f4 Ne6 27. Rae1 c6 28. Ba2 Nc7
29. Ne3 exf4 30. gxf4 Bh4 31. Nf5 Bxe1 32. Nxh6+ Kh7 33. Nxf7 Qe7 34. Qg6+ Kg8
35. Ng5+ Nd5 36. Qh7+ Kf8 37. Qh8# 1-0

[Event "London Classic Open 2016"]
[Site "London ENG"]
[Date "2016.12.10"]
[Round "3.28"]
[White "Bird, Joel"]
[Black "Cherniaev, Alexander"]
[Result "0-1"]
[BlackTitle "GM"]
[WhiteElo "2171"]
[BlackElo "2439"]
[WhiteFideId "429252"]
[BlackFideId "4117301"]
[EventDate "2016.12.09"]

1. e4 g6 2. d4 Bg7 3. Nf3 d6 4. h3 Nf6 5. Nc3 O-O 6. Be3 a6 7. a4 b6 8. Qd2 Bb7
9. Bd3 c5 10. d5 e6 11. dxe6 fxe6 12. O-O d5 13. Bg5 Qd7 14. exd5 exd5 15. Ne5
Qc7 16. Rfe1 Nbd7 17. Nf3 Rae8 18. Rxe8 Rxe8 19. Re1 Rxe1+ 20. Qxe1 Qd6 21. Qd2
d4 22. Bc4+ Kh8 23. Bf4 Qc6 24. Ne2 Qxa4 25. b3 Qc6 26. Bh6 b5 27. Bd3 Ne5 28.
Bxg7+ Kxg7 29. Qf4 Nxf3+ 30. gxf3 Qxf3 31. Qxf3 Bxf3 32. Nf4 Kf7 33. Kh2 Nd7 34.
Kg3 Ne5 35. h4 Kf6 36. h5 g5 37. Bxh7 gxf4+ 38. Kxf4 Bxh5 39. Ke4 Bf3+ 40. Kf4
Bd5 0-1

[Event "London Classic Open 2016"]
[Site "London ENG"]
[Date "2016.12.10"]
[Round "3.29"]
[White "Jones, Steven A"]
[Black "Daulyte, Deimante"]
[Result "0-1"]
[BlackTitle "IM"]
[WhiteElo "2175"]
[BlackElo "2429"]
[WhiteFideId "419630"]
[BlackFideId "12802859"]
[EventDate "2016.12.09"]

1. e4 d6 2. d4 Nf6 3. Nc3 Nbd7 4. Nf3 e5 5. Bc4 Be7 6. O-O O-O 7. a4 a6 8. Re1
b6 9. b3 Bb7 10. Bb2 c6 11. h3 Qc7 12. Bd3 g6 13. Qd2 Rfe8 14. Rad1 Bf8 15. Ne2
exd4 16. Bxd4 Nxe4 17. Qf4 c5 18. Ba1 Rac8 19. c4 Re6 20. Ng3 Nxg3 21. Rxe6 fxe6
22. Qxg3 Bg7 23. Bxg7 Kxg7 24. Ng5 Nf8 25. Be4 d5 26. Qxc7+ Rxc7 27. cxd5 exd5
28. Bxd5 Rd7 29. Bf3 Rxd1+ 30. Bxd1 Kf6 31. Nf3 Bd5 32. Kf1 Ne6 33. g3 c4 34.
bxc4 Bxc4+ 35. Ke1 Nc5 36. Nd2 Be6 37. h4 Ke5 38. Nf3+ Kd5 39. Kd2 Bd7 40. h5
gxh5 41. Ng5 h6 42. Nf7 Be8 43. Nxh6 Ke6 44. g4 hxg4 45. Nxg4 Bxa4 46. Bxa4 Nxa4
47. Ne3 Nc5 48. Kc3 Kd6 49. f4 Nd7 50. Ng4 Kd5 51. Ne3+ Kc5 52. f5 Nf6 53. Kb3
b5 54. Nd1 Nd5 55. Nf2 Kd4 56. Ng4 a5 57. f6 Nf4 58. f7 Ne6 59. Nf6 Nf8 60. Ne8
Kc5 61. Nf6 b4 62. Ne4+ Kd4 63. Nd6 Kc5 64. Nb7+ Kb6 65. Nd6 Nd7 66. f8=Q Nxf8
67. Ka4 Kc5 68. Nb7+ Kc4 69. Nxa5+ Kc3 70. Nc6 b3 71. Ka3 Ne6 72. Na7 Nd4 0-1

[Event "London Classic Open 2016"]
[Site "London ENG"]
[Date "2016.12.10"]
[Round "3.30"]
[White "Martins, David Pires Tavares"]
[Black "Rice, Chris B"]
[Result "1-0"]
[WhiteTitle "FM"]
[WhiteElo "2382"]
[BlackElo "2002"]
[WhiteFideId "1909991"]
[BlackFideId "404446"]
[EventDate "2016.12.09"]

1. Nf3 d5 2. c4 c6 3. g3 Nf6 4. Bg2 Bg4 5. Ne5 Bf5 6. cxd5 cxd5 7. Qa4+ Nbd7 8.
Nc3 e6 9. g4 Bg6 10. g5 Ng8 11. Nxd5 exd5 12. Bxd5 Bd6 13. Nc4 Bc7 14. Bxb7 Rb8
15. Bc6 Ne7 16. Bxd7+ Qxd7 17. Qxd7+ Kxd7 18. d3 Rhe8 19. Be3 a6 20. Kd2 Nf5 21.
h4 Bh5 22. Rab1 Re6 23. b4 Nxe3 24. fxe3 Bd6 25. a3 Rb5 26. Rbf1 Bc7 27. Rb1 Bd6
28. e4 f5 29. gxf6 Rxf6 30. d4 Rf2 31. Rbe1 Bf3 32. Rhg1 Bxe4 33. Ke3 1-0

[Event "London Classic Open 2016"]
[Site "London ENG"]
[Date "2016.12.10"]
[Round "3.31"]
[White "Warakomska, Anna"]
[Black "Woong, Zhi Wei William"]
[Result "1/2-1/2"]
[WhiteTitle "WIM"]
[BlackTitle "CM"]
[WhiteElo "2348"]
[BlackElo "2000"]
[WhiteFideId "1130790"]
[BlackFideId "5804906"]
[EventDate "2016.12.09"]

1. e4 c5 2. Nf3 e6 3. d4 cxd4 4. Nxd4 a6 5. Bd3 Nf6 6. O-O e5 7. Ne2 h6 8. c4
Bc5 9. a3 d6 10. b4 Ba7 11. Nbc3 O-O 12. Ng3 Nc6 13. Be3 Nd4 14. Nce2 Nxe2+ 15.
Qxe2 Bxe3 16. Qxe3 Be6 17. Rfd1 Ng4 18. Qe2 h5 19. h3 h4 20. Nf5 Bxf5 21. exf5
Nf6 22. Be4 Qc7 23. Rac1 Rac8 24. Qf3 Rfe8 25. Qe3 Red8 26. Bd5 b5 27. cxb5 Nxd5
28. Rxc7 Nxe3 29. Rxc8 Rxc8 30. fxe3 axb5 31. Rxd6 Rc3 32. Rd5 f6 33. Kf2 Rxa3
34. Kf3 Kh7 35. Rxb5 Rb3 36. Rb7 Kh6 37. Ke4 g6 38. Rb8 Kg5 39. fxg6 Kxg6 40. b5
Rb4+ 41. Kd5 Kf5 42. b6 Rb2 43. Kc6 Rxg2 44. Rh8 Rc2+ 45. Kd7 Rb2 46. Kc7 Rc2+
47. Kb8 Rc3 48. b7 Rxe3 49. Kc7 Rb3 50. b8=Q Rxb8 51. Kxb8 e4 52. Rxh4 e3 53.
Rh8 Kf4 54. h4 f5 55. Re8 Kg4 56. Rxe3 Kxh4 57. Kc7 f4 58. Re8 f3 59. Kd6 f2 60.
Rf8 Kg3 61. Ke5 Kg2 1/2-1/2

[Event "London Classic Open 2016"]
[Site "London ENG"]
[Date "2016.12.10"]
[Round "3.32"]
[White "Buckley, Graeme N"]
[Black "Nettleton, Charlie B"]
[Result "1-0"]
[WhiteTitle "IM"]
[WhiteElo "2342"]
[BlackElo "1963"]
[WhiteFideId "402265"]
[BlackFideId "419710"]
[EventDate "2016.12.09"]

1. e4 c6 2. d3 d5 3. Nd2 e5 4. Ngf3 Bd6 5. d4 exd4 6. Bd3 Ne7 7. O-O O-O 8. e5
Bc7 9. Nb3 Ng6 10. Bg5 Qe8 11. Re1 Be6 12. Nfxd4 Nd7 13. f4 c5 14. Nb5 Bb6 15.
Nd6 Qb8 16. c4 dxc4 17. Bxc4 Bxc4 18. Nxc4 h6 19. Bxh6 gxh6 20. Qxd7 Nxf4 21.
Qf5 Ng6 22. Re3 Bd8 23. Kh1 Bg5 24. Rg3 b5 25. Nd6 c4 26. Nc5 Qc7 27. Nce4 Qe7
28. Nxg5 hxg5 29. Rxg5 Kg7 30. Rf1 Qe6 31. Qe4 Rad8 32. Nf5+ Kh7 33. Rh5+ Kg8
34. Qe3 Rfe8 35. h3 Rd3 36. Qg5 Rd7 37. Rh8+ 1-0

[Event "London Classic Open 2016"]
[Site "London ENG"]
[Date "2016.12.10"]
[Round "3.33"]
[White "Brooks, Phil J"]
[Black "Cox, John J"]
[Result "0-1"]
[BlackTitle "IM"]
[WhiteElo "2163"]
[BlackElo "2320"]
[WhiteFideId "405540"]
[BlackFideId "401064"]
[EventDate "2016.12.09"]

1. d4 Nf6 2. c4 e6 3. Nc3 Bb4 4. e3 O-O 5. Ne2 Re8 6. a3 Bf8 7. Ng3 d5 8. cxd5
exd5 9. Bd3 a5 10. O-O Na6 11. Bd2 c6 12. Qc2 Nc7 13. Na4 Ne6 14. b4 axb4 15.
axb4 h5 16. Nc5 Rxa1 17. Rxa1 h4 18. Nxe6 Bxe6 19. Nf1 h3 20. g3 Bg4 21. b5 Qd7
22. bxc6 bxc6 23. Rc1 Rc8 24. f3 Be6 25. Ba6 Rc7 26. Ba5 Ra7 27. Qxc6 Qxc6 28.
Rxc6 Bd7 29. Rb6 Ba4 30. Bc8 Rxa5 31. Bxh3 Bd1 32. Bg2 Ra1 33. Rb2 Ba3 34. Rb8+
Kh7 35. Ra8 g6 36. h4 Be2 37. Kf2 Bd3 38. g4 Bb2 39. Rxa1 Bxa1 40. Ng3 Bc3 41.
g5 Nd7 42. f4 Nb6 43. h5 Bd2 44. Bf3 Kg7 45. hxg6 fxg6 46. Be2 Bc2 47. Nf1 Bc1
48. Bf3 Kf7 49. Bg4 Nc4 50. Bf3 Ke6 51. Bg4+ Bf5 52. Bf3 Bh3 53. e4 Bxf1 54.
exd5+ Kf5 55. Kxf1 Nd2+ 0-1

[Event "London Classic Open 2016"]
[Site "London ENG"]
[Date "2016.12.10"]
[Round "3.34"]
[White "Kalavannan, Koby"]
[Black "Paterek, Michal"]
[Result "1/2-1/2"]
[BlackTitle "FM"]
[WhiteElo "2163"]
[BlackElo "2311"]
[WhiteFideId "425753"]
[BlackFideId "1116142"]
[EventDate "2016.12.09"]

1. d4 d5 2. Nf3 Nf6 3. c4 c6 4. Nbd2 g6 5. g3 Bg7 6. Bg2 O-O 7. O-O Re8 8. b3 c5
9. Bb2 cxd4 10. cxd5 Nxd5 11. Nxd4 e5 12. Nb5 a6 13. Bxd5 axb5 14. Ne4 Nc6 15.
Nd6 Re7 16. Nxb5 Bg4 1/2-1/2